[Event "TCh-AUT 1st Bundesliga 2008-9"]
[Site "Ansfelden AUT"]
[Date "2009.03.20"]
[Round "9"]
[White "Sutovsky,E"]
[Black "Kalod,R"]
[Result "1-0"]
[WhiteElo "2660"]
[BlackElo "2504"]

1.e4 e5 2.Nf3 Nc6 3.Bb5 Nf6 4.O-O Nxe4 5.d4 Nd6 6.Bxc6 dxc6 7.dxe5 Nf5 8.Qxd8+ Kxd8
9.h3 Bd7 10.Rd1 Kc8 11.g4 Ne7 12.Ng5 Be8 13.Nc3 h6 14.Nge4 Ng6 15.f4 Be7
16.Be3 b6 17.Rd2 Kb7 18.Rad1 h5 19.g5 Nh4 20.Kf2 Nf5 21.Ng3 Nxg3 22.Kxg3 h4+
23.Kf2 f6 24.exf6 gxf6 25.Bd4 Rf8 26.gxf6 Bxf6 27.Bxf6 Rxf6 28.Rd8 Rxf4+
29.Ke3 Rf7 30.Rxa8 Re7+ 31.Kf4 Kxa8 32.Kg5 Bd7 33.Kf6 Re6+ 34.Kg5 Bc8 35.Rh1 Re3
36.Kxh4 Bf5 37.Rh2 Kb7 38.Nd1 Re1 39.Rd2 Bxc2 40.Rxc2 Rxd1 41.Kg3 Rd3+ 42.Kg4 Rd4+
43.Kg5 Rd5+ 44.Kg4 Rd4+ 45.Kg5 Rd5+ 46.Kf6 Rd6+ 47.Ke7 Rd1 48.Rh2 Kc8 49.h4 Rd7+
50.Kf6 Rd6+ 51.Kf5 Rd5+ 52.Kf4 Rh5 53.Kg4 Rh8 54.Kg5 Kd7 55.h5 Ke6 56.h6 Rg8+
57.Kh5 Rh8 58.Rg2 c5 59.Rg7 c6 60.Rxa7 Rg8 61.h7 Rg2 62.Ra4 b5 63.Rh4  1-0

[Event "TCh-ISR 2008-9"]
[Site "Israel ISR"]
[Date "2009.05.22"]
[Round "11"]
[White "Manor,I"]
[Black "Sutovsky,E"]
[Result "0-1"]
[WhiteElo "2490"]
[BlackElo "2651"]

1.Nf3 Nf6 2.c4 g6 3.Nc3 d5 4.cxd5 Nxd5 5.h4 h6 6.Qb3 Nb6 7.d4 Be6 8.Qd1 Bg7
9.e4 O-O 10.Be2 f5 11.exf5 gxf5 12.O-O Nc6 13.Re1 f4 14.b3 Nxd4 15.Nxd4 Bxd4
16.Bb2 Bf5 17.Bg4 e6 18.Bxf5 exf5 19.Re6 Rf6 20.Rxf6 Qxf6 21.Nd5 Bxf2+ 22.Kxf2 Qxb2+
23.Kf3 Qg7  0-1

[Event "TCh-SRB 1st League"]
[Site "Kragujevac SRB"]
[Date "2009.09.04"]
[Round "4"]
[White "Pavlovic,Milos"]
[Black "Sutovsky,E"]
[Result "1/2-1/2"]
[WhiteElo "2533"]
[BlackElo "2676"]

1.e4 c5 2.Nc3 d6 3.Nge2 Nf6 4.g3 Nc6 5.Bg2 g6 6.O-O Bg7 7.d3 O-O 8.Rb1 e5
9.a3 Be6 10.b4 cxb4 11.axb4 d5 12.Bg5 dxe4 13.Nxe4 Bg4 14.Bxf6 Bxf6 15.c3 Be7
16.h3 Be6 17.f4 Qb6+ 18.Kh2 Rad8 19.b5 Na5 20.fxe5 Nc4 21.Nf4 Ne3 22.Qe2 Nxf1+
23.Qxf1 f6 24.Qg1 Qxg1+ 25.Rxg1 Bf5 26.Nd5 Bxe4 27.Bxe4 Rde8 28.exf6 Bxf6
29.Ra1 Be5 30.Kg2 Bb8 31.c4 b6 32.Nb4 Kg7 33.Nc6 Rf7 34.Ra2 Kh6 35.Bd5 Rf6
36.h4 g5 37.hxg5+ Kxg5 38.Nxb8 Rxb8 39.Rxa7 h5 40.Rg7+ Kh6 41.Re7 Rbf8 42.Kh3  1/2-1/2

[Event "TCh-SRB 1st League"]
[Site "Kragujevac SRB"]
[Date "2009.09.10"]
[Round "9"]
[White "Kosic,D"]
[Black "Sutovsky,E"]
[Result "1/2-1/2"]
[WhiteElo "2495"]
[BlackElo "2676"]

1.d4 Nf6 2.Nf3 g6 3.Bg5 Bg7 4.Nbd2 d6 5.c3 O-O 6.e4 c5 7.d5 h6 8.Bh4 e6 9.dxe6 Bxe6
10.Bc4 Bxc4 11.Bxf6 Qxf6 12.Nxc4 Qe6 13.Qd5 Qxd5 14.exd5  1/2-1/2

[Event "Inventi GM"]
[Site "Antwerp BEL"]
[Date "2009.09.18"]
[Round "1"]
[White "Sutovsky,E"]
[Black "Socko,B"]
[Result "1-0"]
[WhiteElo "2676"]
[BlackElo "2637"]

1.e4 e5 2.Nf3 Nc6 3.Nc3 Nf6 4.Bb5 Bb4 5.O-O O-O 6.d3 Bxc3 7.bxc3 d6 8.Bg5 Bd7
9.Rb1 a6 10.Ba4 b5 11.Bb3 Qe7 12.Nh4 Kh8 13.f4 exf4 14.Rxf4 Qe5 15.Nf3 Qxc3
16.Bxf6 gxf6 17.Bd5 Rae8 18.Rb3 Qa5 19.Bxc6 Qb6+ 20.Kh1 Qxc6 21.Qa1 Kg8 22.Qxf6 Qxc2
23.Qg5+ Kh8 24.Qf6+ Kg8 25.h3 Qxa2 26.Qg5+ Kh8 27.Qf6+ Kg8 28.Ng5 Re6 29.Nxe6 Bxe6
30.Qg5+ Kh8 31.Qf6+ Kg8 32.Rb2 Qa1+ 33.Rf1 Qa3 34.Qg5+ Kh8 35.Qf6+ Kg8 36.Rf3 Qa1+
37.Kh2 Re8 38.Rf1 Qa3 39.Rf3 Qa1 40.e5 Kf8 41.Re2 Qd4 42.Re4 Qd5 43.Rg3 dxe5
44.Rxe5 Qd6 45.Reg5  1-0

[Event "Inventi GM"]
[Site "Antwerp BEL"]
[Date "2009.09.19"]
[Round "2"]
[White "Sargissian,G"]
[Black "Sutovsky,E"]
[Result "1/2-1/2"]
[WhiteElo "2668"]
[BlackElo "2676"]

1.Nf3 Nf6 2.c4 g6 3.Nc3 d5 4.cxd5 Nxd5 5.g3 Bg7 6.Bg2 c5 7.Ng5 Nxc3 8.dxc3 Qxd1+
9.Kxd1 O-O 10.Be3 c4 11.Ke1 h6 12.Ne4 Bd7 13.a4 Bc6 14.Kf1 Nd7 15.Nd2 Rfc8
16.a5 b5 17.axb6 axb6 18.Rxa8 Bxa8 19.Bxa8 Rxa8 20.Nxc4 Ra2 21.Bc1 b5 22.Ne3 Nc5
23.Nd5 Nb3 24.Be3 e6 25.Nc7 Rxb2 26.Nxb5 Nd2+ 27.Bxd2 Rxd2 28.e3 Rc2 29.Kg2 Bxc3
30.Rd1 Be5 31.Nd4 Bxd4 32.Rxd4  1/2-1/2

[Event "Inventi GM"]
[Site "Antwerp BEL"]
[Date "2009.09.20"]
[Round "3"]
[White "Sutovsky,E"]
[Black "Howell,D"]
[Result "1-0"]
[WhiteElo "2676"]
[BlackElo "2624"]

1.e4 e5 2.Nf3 Nc6 3.Bb5 Nf6 4.O-O Nxe4 5.d4 Nd6 6.Bxc6 dxc6 7.dxe5 Nf5 8.Qxd8+ Kxd8
9.h3 Be7 10.g4 Nh4 11.Nxh4 Bxh4 12.Nc3 Ke8 13.Ne2 h5 14.f3 Be7 15.Nf4 g6
16.Kg2 Be6 17.Be3 Rd8 18.Rfd1 a6 19.Rxd8+ Kxd8 20.Rd1+ Ke8 21.Nxe6 fxe6 22.f4 Rh7
23.Rd2 Rh8 24.Rd1 Rh7 25.Bf2 Rh8 26.Kf3 hxg4+ 27.hxg4 Rh2 28.Kg3 Rh7 29.Kg2 Rh8
30.Rh1 Rxh1 31.Kxh1 Bb4 32.Be3 b5 33.Kg2 Kf7 34.Kf3 Ke8 35.Ke4 Be1 36.Kd3 Bb4
37.Bd2 Be7 38.Ke4 Bc5 39.Ba5 Kd7 40.f5 gxf5+ 41.gxf5 exf5+ 42.Kxf5 Bd4 43.c3 Be3
44.e6+ Kd8 45.Kf6 Ke8 46.Bxc7 Bc1 47.b3 Bd2 48.Be5 Be1 49.Kf5 Ke7 50.Bf6+ Ke8
51.Ke4 Bf2 52.Bg5 Bg3 53.Bf4 Bh4 54.Bd6 Be1 55.Kd3 Kd8 56.c4 b4 57.Kd4 Bf2+
58.Ke4 Be1 59.Kf5 Ke8 60.Bc5 Bc3 61.e7 Kf7 62.e8=Q+ Kxe8 63.Ke6  1-0